| 000 | 01787nam0a2200385 4500 | ||
|---|---|---|---|
| 001 | RU\NLR\bibl\429176 | ||
| 005 | 20260409064814.0 | ||
| 010 |
_a5-8453-0048-7 _9200 |
||
| 021 |
_aRU _b2003-48630 _92340 |
||
| 035 | _a(NLR Aleph) 000423042 | ||
| 090 |
_a707087 _c707087 |
||
| 100 | _a20030815d2003 |||y0rusy50 ca | ||
| 101 | 0 | _arus | |
| 102 | _aRU | ||
| 105 | _ac ||||||||| | ||
| 200 | 1 |
_aПисьма русских историков _e(С.Ф. Платонов, П.Н. Милюков) _f[Сост.: д.ист.н. В.П. Корзун и др.] _gМ-во образования РФ, Ом. гос. ун-т |
|
| 210 |
_aОмск _cПолиграфист _d2003 |
||
| 215 |
_a304,[1] с., [4] л. портр., факс. _d17 |
||
| 320 | _aУказ.: с. 297-304 | ||
| 327 | 1 | _aВ примеч.: Письмо Г.Ф. Форстена С.Ф. Платонову | |
| 600 | 1 |
_aПлатонов _bС. Ф. _f1860 - 1933 _gСергей Федорович _91209603 _3RU\NLR\auth\66490910 |
|
| 600 | 1 |
_aМилюков _bП.Н. _f1859 - 1943 _gПавел Николаевич _91218509 _3RU\NLR\auth\66495505 |
|
| 686 | 1 | _aТ1(2)52-8 | |
| 686 | _aТ1(2)7-8 | ||
| 700 | 1 |
_4070 _7ca _8rus _aПлатонов _bС. Ф. _f1860-1933 _gСергей Федорович _9112738 _3RU\NLR\auth\772730 |
|
| 701 | 1 |
_4070 _7ca _8rus _aМилюков _bП. Н. _f1859-1943 _gПавел Николаевич _96460 _3RU\NLR\AUTH\7723407 |
|
| 702 | 1 |
_aКорзун _bВ. П. _gВалентина Павловна _4220 |
|
| 712 | 0 | 2 |
_4475 _aОмский государственный университет _92683013 _3RU\NLR\AUTH\880618831 |
| 801 | 0 |
_aRU _bNLR _c20030815 _gPSBO |
|
| 801 | 1 |
_aRU _bNLR _c20030815 |
|
| 830 | _aСост. по кн. | ||
| 942 | _cBOOK | ||
| 980 | _aNB | ||